<?xml version="1.0" encoding="UTF-8"?>
<collection xmlns="http://www.loc.gov/MARC21/slim">
    <record>
        <controlfield tag="001">65660</controlfield>
        <controlfield tag="005">20180223094241.0</controlfield>
        <datafield tag="037" ind1=" " ind2=" ">
            <subfield code="a">GDOC-2016-25752</subfield>
        </datafield>
        <datafield tag="041" ind1=" " ind2=" ">
            <subfield code="a">spa</subfield>
        </datafield>
        <datafield tag="100" ind1=" " ind2=" ">
            <subfield code="0">(orcid)0000-0002-2493-8074</subfield>
            <subfield code="1">363413</subfield>
            <subfield code="a">Ubieto Artur, María Isabel</subfield>
        </datafield>
        <datafield tag="245" ind1="0" ind2="0">
            <subfield code="9">25752</subfield>
            <subfield code="a">La información en la Unión Europea</subfield>
        </datafield>
        <datafield tag="260" ind1=" " ind2=" ">
            <subfield code="a">Zaragoza</subfield>
            <subfield code="b">Universidad de Zaragoza</subfield>
            <subfield code="c">2016-2017</subfield>
        </datafield>
        <datafield tag="520" ind1=" " ind2=" ">
            <subfield code="a">Breve presentación de la asignatura
A los ciudadanos europeos (trabajadores, estudiantes, empresarios, funcionarios, etc.) nos influyen directamente las decisiones que toma la UE. Por esa razón nos interesa conocer a todos la gran cantidad de información que genera la Unión Europea sobre los distintos campos de los que trata (economía, formación, ciencia, técnica, política, cultura, etc.).
Esta información atañe a todos los sectores productivos y sociales y, por tanto, debe ser conocida y explotada por los profesionales de la información de cualquier especialidad.
Partiendo de la presentación de la UE, se trabaja con distintas fuentes de información (comunicados de prensa, legislación, referencias, estadísticas, ofertas de empleo, etc.) que permiten conocer y profundizar en el amplio abanico de recursos gratuitos que la Unión Europea pone a disposición de todos por medio de Internet.</subfield>
            <subfield code="b"> </subfield>
        </datafield>
        <datafield tag="521" ind1=" " ind2=" ">
            <subfield code="9">106</subfield>
            <subfield code="a">Información y Documentación</subfield>
        </datafield>
        <datafield tag="540" ind1=" " ind2=" ">
            <subfield code="a">by-nc-sa</subfield>
            <subfield code="b">Creative Commons</subfield>
            <subfield code="c">3.0</subfield>
            <subfield code="u">http://creativecommons.org/licenses/by-nc-sa/3.0/</subfield>
        </datafield>
        <datafield tag="830" ind1=" " ind2=" ">
            <subfield code="9">268</subfield>
        </datafield>
        <datafield tag="856" ind1="4" ind2=" ">
            <subfield code="s">14373</subfield>
            <subfield code="u">http://zaguan.unizar.es/record/65660/files/guia-25752-es.pdf</subfield>
            <subfield code="y">Guía (idioma español)</subfield>
        </datafield>
        <datafield tag="856" ind1="4" ind2=" ">
            <subfield code="s">7471</subfield>
            <subfield code="u">http://zaguan.unizar.es/record/65660/files/guia-25752-en.pdf</subfield>
            <subfield code="y">Guide (english)</subfield>
        </datafield>
        <datafield tag="970" ind1=" " ind2=" ">
            <subfield code="a">GDOC-2016-25752</subfield>
        </datafield>
        <datafield tag="980" ind1=" " ind2=" ">
            <subfield code="a">GDOC</subfield>
            <subfield code="b">Ciencias sociales y jurídicas</subfield>
            <subfield code="c">103</subfield>
        </datafield>
    </record>

    
</collection>